Ends in 'ICE' Quiz Stats

 Plays Quiz Updated Dec 1, 2017

Score 0/16 Timer 04:00
0 Plays Today
Hint Answer % Correct
Not once, not twice, but three timesThrice
91%
The amount of money for which anything is bought, sold, or offered for salePrice
85.7%
A beginnerNovice
85.7%
Either of the two times a year when the sun is at its greatest distance from the celestial equatorSolstice
84.7%
One who is learning a trade or art by practical experience under skilled workers (or Donald Trump)Apprentice
84%
A yellow discoloration of the skinJaundice
74.6%
A program of care and support for the terminally illHospice
71.8%
Organized civil force for maintaining order, preventing and detecting crime, and enforcing the lawPolice
70.3%
Hint Answer % Correct
A selection, an option, Meryl Streep's Sophie had oneChoice
68.5%
A drinking cup, gobletChalice
64.5%
A lack of courage to face danger, difficulty, opposition, or painCowardice
63.2%
The destruction or surrender of something for the sake of something elseSacrifice
50.5%
An adverse opinion or leaning formed without just grounds or before sufficient knowledgePrejudice
38.8%
Insatiable greedAvarice
38.2%
Immoral conduct; depraved or degrading behaviorVice
27.2%
An artificial channel for conducting waterSluice
13.8%

You're not logged in!

Compare scores with friends on all Sporcle quizzes.
OR
Log In

Sporcle TV

Today on Sporcle TV


Watch our educational content, quiz creation guides, and fun videos on Sporcle TV.

Show Comments

Extras

Top Quizzes Today


Score Distribution

Your Account Isn't Verified!

In order to create a playlist on Sporcle, you need to verify the email address you used during registration. Go to your Sporcle Settings to finish the process.

Report this User

Report this user for behavior that violates our Community Guidelines.

Details: